LEADER 00875nam0-2200301 --450 001 9910424458703321 005 20201126113701.0 010 $a978-88-86631-99-0 100 $a20201126d2017----kmuy0itay5050 ba 101 0 $aita 102 $aIT 105 $a 001yy 200 1 $a<>armonia della nascita$ediventare mamma con rispetto e amore$fMarta Campiotti 210 $aPavia$cBonomi$d2017 215 $a183 p.$cill.$d21 cm 225 1 $aEducazione pre e perinatale$v26 610 0 $aMaternità 676 $a306.8743$v23 700 1$aCampiotti,$bMarta$0789665 801 0$aIT$bUNINA$gREICAT$2UNIMARC 901 $aBK 912 $a9910424458703321 952 $a90 U 3a 53$b191/2020$fFMEBC 952 $a90 U 3a 54$b192/2020$fFMEBC 952 $a90 U 3a 55$b193/2020$fFMEBC 959 $aFMEBC 996 $aArmonia della nascita$91761759 997 $aUNINA LEADER 01242nam 2200373Ia 450 001 996386791503316 005 20221108033112.0 035 $a(CKB)4940000000076838 035 $a(EEBO)2240943132 035 $a(OCoLC)12379463 035 $a(EXLCZ)994940000000076838 100 $a19850813d1663 uy | 101 0 $aeng 135 $aurbn||||a|bb| 200 12$aA vindication of the degree of gentry$b[electronic resource] $ein opposition to titular honours, and the honour of riches, being the measure of honours /$fdone by a person of quality 210 $aLondon $cPrinted, and are to be sold at Oxford and Cambridge$d1663 215 $a[12], 52, 14 p 300 $aReproduction of original in the University of Illinois (Urbana-Champaign Campus). Library. 330 $aeebo-0167 606 $aTitles of honor and nobility 606 $aPrimogeniture 606 $aMonarchy 615 0$aTitles of honor and nobility. 615 0$aPrimogeniture. 615 0$aMonarchy. 700 $aPerson of quality$01000933 801 0$bEAA 801 1$bEAA 801 2$bm/c 801 2$bWaOLN 906 $aBOOK 912 $a996386791503316 996 $aA vindication of the degree of gentry$92335080 997 $aUNISA LEADER 02321nas 2200637-a 450 001 9910407555103321 005 20230608213016.0 011 $a1755-6929 035 $a(OCoLC)180117950 035 $a(CKB)1000000000326619 035 $a(CONSER)--2007254007 035 $a(EXLCZ)991000000000326619 100 $a20071031a20079999 s-- a 101 0 $aeng 135 $aurun||||||||| 181 $ctxt$2rdacontent 182 $cc$2rdamedia 183 $acr$2rdacarrier 200 00$aEarth and environmental science transactions of the Royal Society of Edinburgh 210 $aEdinburgh $cRoyal Society of Edinburgh 300 $aRefereed/Peer-reviewed 311 $a1755-6910 517 1 $aTransactions of the Royal Society of Edinburgh. 531 $aEARTH ENVIRON SCI TRANS R SOC 531 $aEARTH & ENVIRONMENTAL SCIENCE TRANSACTIONS OF THE ROYAL SOCIETY OF EDINBURGH 531 $aEARTH ENV SCI T R SO 531 $aEARTH ENVIRON. SCI. TRANS. R. SOC. EDINB 606 $aEarth sciences$vPeriodicals 606 $aEnvironmental sciences$vPeriodicals 606 $aGeology$vPeriodicals 606 $a38.00 earth sciences: general$2bcl 606 $aEarth sciences$2fast$3(OCoLC)fst00900729 606 $aEnvironmental sciences$2fast$3(OCoLC)fst00913474 606 $aGeology$2fast$3(OCoLC)fst00940627 606 $a38.00 earth sciences: general$2nbc 606 $aSciences de la terre$3(CaQQLa)201-0002519$vPériodiques$3(CaQQLa)201-0378307 606 $aSciences de l'environnement$3(CaQQLa)201-0097373$vPériodiques$3(CaQQLa)201-0378307 606 $aGéologie$3(CaQQLa)201-0009524$vPériodiques$3(CaQQLa)201-0378307 608 $aPeriodicals.$2fast 615 0$aEarth sciences 615 0$aEnvironmental sciences 615 0$aGeology 615 7$a38.00 earth sciences: general. 615 7$aEarth sciences. 615 7$aEnvironmental sciences. 615 7$aGeology. 615 7$a38.00 earth sciences: general. 615 6$aSciences de la terre 615 6$aSciences de l'environnement 615 6$aGéologie 676 $a550.5 712 02$aRoyal Society of Edinburgh. 906 $aJOURNAL 912 $a9910407555103321 996 $aEarth and environmental science transactions of the Royal Society of Edinburgh$91906779 997 $aUNINA